[Event "34th Oberwart Open A"]
[Site "Oberwart AUT"]
[Date "2012.07.13"]
[Round "7.17"]
[White "Sadilek,P"]
[Black "Koller,Hans-Juergen"]
[Result "1-0"]
[WhiteElo "2257"]
[BlackElo "2078"]

1.Nf3 Nf6 2.c4 e6 3.d4 c5 4.d5 exd5 5.cxd5 d6 6.Nc3 g6 7.Bf4 a6 8.Nd2 b5
9.a4 b4 10.Nce4 Nxd5 11.Bg3 f5 12.Nc4 Be6 13.Nexd6+ Bxd6 14.Nxd6+ Kf8 15.Be5 Rg8
16.Qc1 Nd7 17.Qh6+ Ke7 18.Qxh7+ Kf8 19.Qh6+ Ke7 20.Qh7+ Kf8 21.Bg3 Qf6 22.Qh6+ Ke7
23.O-O-O f4 24.Ne4 Qe5 25.Bh4+ Ke8 26.Ng5 Bf5 27.Qh7 Rg7 28.Qh8+ Nf8 29.e4 fxe3
30.Nf3 Nc3 31.Bd3 Bxd3 32.Rxd3 Na2+ 33.Kb1 Qe4 34.Kxa2 Rh7 35.Qf6 Qxd3 36.Qc6+ Rd7
37.Qxa8+  1-0

[Event "22nd HOF Open 2012"]
[Site "Jyvaskyla FIN"]
[Date "2012.07.14"]
[Round "8.4"]
[White "Gavrilov,Al1"]
[Black "Mertanen,J"]
[Result "1/2-1/2"]
[WhiteElo "2498"]
[BlackElo "2374"]

1.d4 Nf6 2.Nf3 e6 3.c4 c5 4.d5 d6 5.Nc3 exd5 6.cxd5 g6 7.h3 Bg7 8.e4 a6 9.a4 Nbd7
10.Bd3 Nh5 11.Be2 h6 12.O-O Qf6 13.e5 dxe5 14.Ne4 Qe7 15.d6 Qd8 16.Be3 O-O
17.Nxc5 Nf4 18.Qd2 Nxc5 19.Bxc5 Bd7 20.Rfe1 Qf6 21.Be3 Bc6 22.Bxf4 exf4 23.Bc4 Rad8
24.Rad1 Qxb2 25.Qxf4 Qf6 26.Qg3 Bxa4 27.Rd3 Bd7 28.Ne5 Be6 29.Rf3 Qg5 30.Bxe6 fxe6
31.Rxf8+ Bxf8 32.Qf3 Qf5 33.Qxb7 Rxd6 34.Nc4 Rd4 35.Qxa6 Qd5 36.Ne5 Rd1 37.Qf1 Rxe1
38.Qxe1 Kh7 39.Ng4 Bg7 40.g3 Qf5 41.Kh2 Qf3 42.Qe3 Qf5 43.Qe2 Qd5 44.Ne3 Qe4
45.Qc2 Qxc2 46.Nxc2 h5 47.Kg2 Bb2 48.Kf3 Kg7 49.Ke4 Kf6 50.Nb4 Bc3 51.Nd3 Ba1
52.Nc5 Bb2 53.Kf4 Bc1+ 54.Kf3 Bb2 55.Ke4 Ba1 56.Kf4 Be5+ 57.Ke4 Ba1 58.Nd7+ Ke7
59.Ne5 Kf6 60.Nf3 Bb2 61.g4 hxg4 62.hxg4 Bc3 63.g5+ Kf7 64.Ne5+ Kg7 65.Nc4 Be1
66.f3 Bc3 67.Kd3 Bb4 68.Kd4 Kf7 69.Ke5 Ke7 70.Ke4 Kf7 71.Kd4 Be7 72.f4 Bb4
73.Ke5 Ke7 74.Ke4 Kf7 75.Ne5+ Kg7 76.Nc6 Bc3 77.Nd8 Bb2 78.Nxe6+ Kf7 79.Nd8+ Kg7
80.Kd5 Bc1 81.Ke5 Bb2+ 82.Ke6 Ba3 83.Kd7 Kf8 84.Nc6 Bc1 85.Ne5 Kg7 86.Nd3 Bd2
87.Ke7 Be3 88.Ke8 Bd2 89.Nc5 Kg8 90.Ne6 Bb4 91.Nc7 Ba3 92.Nd5 Bc5 93.Ne7+ Kg7
94.Nc6 Kg8 95.Kd7 Be3 96.Ne7+ Kf7 97.Nd5 Bc1 98.Kd6 Ba3+ 99.Ke5 Bb2+ 100.Ke4 Ke6
101.Ne3 Kf7 102.Kd5 Bc1 103.Ke4 Bb2 104.Nc4 Bc3 105.Kd5 Bb4 106.Ne5+ Kg7
107.Nc6 Ba3 108.Nd8 Bb2 109.Ke6 Bc1 110.Ke7 Ba3+ 111.Kd7 Bb4 112.Ke8 Kg8
113.Ne6 Ba3 114.Kd7 Kf7 115.Nd8+ Kg7 116.Ke6 Bc1 117.Kd5 Bd2 118.Ke5 Bc3+
119.Ke4 Bb2 120.f5 gxf5+ 121.Kxf5 Bc3 122.Ne6+ Kf7 123.g6+ Kg8 124.Nf4 Bb2
125.Nh5 Bc3 126.Ng3 Bb2 127.Kg5 Bc1+ 128.Kh5 Bd2 129.Nf5 Bc1 130.g7 Bb2  1/2-1/2

[Event "7th Nana Aleksandria Cup"]
[Site "Poti GEO"]
[Date "2012.07.14"]
[Round "1.7"]
[White "Bechvaia,Gabriel"]
[Black "Nigalidze,G"]
[Result "0-1"]
[WhiteElo "1781"]
[BlackElo "2441"]

1.d4 Nf6 2.c4 e6 3.Nf3 c5 4.d5 exd5 5.cxd5 d6 6.Nc3 g6 7.e4 a6 8.a4 Bg7 9.Be2 O-O
10.O-O Re8 11.Qc2 Bg4 12.h3 Bxf3 13.Bxf3 Nbd7 14.Bf4 Qc7 15.Rfe1 Rab8 16.a5 h6
17.Be2 Re7 18.Bf1 Nh5 19.Bh2 Rbe8 20.Re2 Bd4 21.g4 Nhf6 22.Bg2 g5 23.Kh1 Ne5
24.f4 Nc4 25.fxg5 hxg5 26.Qc1 Nh7 27.Qc2 Nxa5 28.Qa4 b6 29.Rc2 Qd7 30.Qxd7 Rxd7
31.Ne2 Be5 32.Bxe5 Rxe5 33.Ng3 Nf6 34.Rf2 Ne8 35.Nh5 Ra7 36.Ng3 Nb3 37.Raf1 Nd4
38.Rd1 a5 39.Rxd4 cxd4 40.Nf5 d3 41.Nd4 Rae7 42.Rd2 Nf6 43.Nc6 Nxe4 44.Bxe4 Rxe4
45.Nxe7+ Rxe7 46.Rxd3 Re1+ 47.Kg2 Re2+ 48.Kf3 Rxb2 49.Rc3 Kg7 50.Rc6 Kf6
51.Rxd6+ Ke5 52.Rd7 f6 53.Ke3 Rb3+  0-1

[Event "ch-SUI Hauptturnier 1 2012"]
[Site "Flims SUI"]
[Date "2012.07.15"]
[Round "4"]
[White "Kappeler,K"]
[Black "Chiang,M"]
[Result "1-0"]
[WhiteElo "2297"]
[BlackElo "2144"]

1.d4 Nf6 2.c4 c5 3.d5 e6 4.Nc3 exd5 5.cxd5 d6 6.Nf3 g6 7.Bf4 a6 8.a4 Bg7
9.h3 O-O 10.e3 Re8 11.Bd3 Nbd7 12.O-O Qc7 13.Nd2 Ne5 14.Be2 Nfd7 15.Rc1 Qd8
16.Bg3 f5 17.Qb3 b6 18.Qa3 Qf6 19.b4 g5 20.f4 Ng6 21.Nc4 gxf4 22.exf4 b5
23.axb5 Rb8 24.bxc5 axb5 25.Nxd6 Re3 26.Rf3 Rxf3 27.Bxf3 b4 28.Qa7 bxc3 29.Nxc8 Rxc8
30.Qxd7 Rxc5 31.Bf2 Nf8 32.Qa4 Rc8 33.g3 Ng6 34.Kg2 Qd6 35.Bd4 Bxd4 36.Qxd4 c2
37.Qd2 Qc5 38.Qd3 Ne7 39.d6 Ng6 40.d7 Rd8 41.Rxc2 Qf8 42.Bd5+ Kg7 43.Be6 Ne7
44.Qd4+ Qf6 45.Qe5 Kg6 46.Rc8 Qf8 47.Rxd8 Qxd8 48.Bxf5+  1-0

[Event "Turkish Bank Chess League 2012"]
[Site "Konya TUR"]
[Date "2012.07.15"]
[Round "5"]
[White "Gunina,V"]
[Black "Reyhan,D"]
[Result "1/2-1/2"]
[WhiteElo "2533"]
[BlackElo "2361"]

1.d4 Nf6 2.c4 e6 3.Nf3 c5 4.d5 d6 5.Nc3 exd5 6.cxd5 g6 7.e4 a6 8.a4 Bg4 9.Be2 Bxf3
10.Bxf3 Bg7 11.Bf4 O-O 12.O-O Qe7 13.e5 dxe5 14.d6 Qd7 15.Bxe5 Nc6 16.Bxf6 Bxf6
17.Ne4 Qf5 18.Nxf6+ Qxf6 19.Bxc6 bxc6 20.Qd2 Rfd8 21.Rad1 Rab8 22.d7 Rxb2
23.Qh6 Qe7 24.Qc1 Rb7 25.Qc4 Rbxd7 26.Rxd7 Rxd7 27.Qxa6 Qe6  1/2-1/2

[Event "III Maravilhosa Open 2012"]
[Site "Laranjeiras BRA"]
[Date "2012.07.15"]
[Round "6.5"]
[White "Rego,V"]
[Black "Rodi,L"]
[Result "1-0"]
[WhiteElo "2269"]
[BlackElo "2363"]

1.d4 Nf6 2.c4 e6 3.Nf3 c5 4.d5 exd5 5.cxd5 d6 6.Nc3 g6 7.Bf4 a6 8.a4 Bg7
9.e4 Qe7 10.Nd2 Nh5 11.Be3 Nd7 12.Be2 Ne5 13.O-O Qh4 14.Nf3 Nxf3+ 15.Bxf3 Be5
16.g3 Qf6 17.Ra3 Ng7 18.Bg2 g5 19.f4 gxf4 20.gxf4 Bxc3 21.Rxc3 Rg8 22.Rf2 Qh4
23.Bd2 Nh5 24.Qb3 b5 25.axb5 axb5 26.Qxb5+ Bd7 27.Qf1 Nf6 28.Be1 Ra1 29.Re2 Qh5
30.Rb3 Kf8 31.Rbe3  1-0

[Event "5th Paleochora Open"]
[Site "Paleochora GRE"]
[Date "2012.07.17"]
[Round "3.20"]
[White "Bellia,F"]
[Black "Kelires,Andreas"]
[Result "1-0"]
[WhiteElo "2428"]
[BlackElo "1965"]

1.d4 Nf6 2.c4 e6 3.Nf3 c5 4.d5 d6 5.Nc3 exd5 6.cxd5 g6 7.Nd2 Nbd7 8.e4 Bg7
9.Be2 O-O 10.O-O Re8 11.f4 a6 12.a4 Qc7 13.Kh1 Rb8 14.e5 dxe5 15.Nc4 b5 16.axb5 axb5
17.Nxe5 Qd6 18.Bxb5 Bb7 19.Ra7 Red8 20.Nc6 Nb6 21.Nxd8 Qxd8 22.Bc6 Bc8 23.f5 Bxf5
24.Bf4 Nc4 25.Bxb8 Qxb8 26.Ra8  1-0

[Event "11th Condom IM 2012"]
[Site "Condom FRA"]
[Date "2012.07.18"]
[Round "6.3"]
[White "Cioara,A"]
[Black "Ravot,S"]
[Result "1/2-1/2"]
[WhiteElo "2484"]
[BlackElo "2278"]

1.d4 Nf6 2.c4 e6 3.Nf3 c5 4.d5 exd5 5.cxd5 d6 6.Nc3 g6 7.e4 Bg7 8.Bd3 O-O
9.h3 b5 10.a3 a6 11.O-O Bb7 12.Bf4 Qe7 13.Re1 Nfd7 14.Bg5 f6 15.Bf4 Ne5 16.Nxe5 fxe5
17.Be3  1/2-1/2

[Event "ch-SUI Hauptturnier 1 2012"]
[Site "Flims SUI"]
[Date "2012.07.18"]
[Round "7"]
[White "Kappeler,K"]
[Black "Cebalo,M"]
[Result "0-1"]
[WhiteElo "2297"]
[BlackElo "2416"]

1.d4 Nf6 2.c4 c5 3.d5 e6 4.Nc3 exd5 5.cxd5 d6 6.Nf3 g6 7.Bf4 a6 8.a4 Nh5
9.Bg5 Be7 10.Bh6 Bf6 11.e4 Bg4 12.Be2 Bxf3 13.Bxf3 Ng7 14.O-O O-O 15.Qd2 Nd7
16.Be2 Re8 17.Kh1 Qa5 18.Bf4 Bxc3 19.bxc3 Rxe4 20.Bxd6 Rae8 21.Bd3 Rd4 22.Qc2 Rxd5
23.Bf4 Nf6 24.Rab1 Ngh5 25.Bg3 Rd7 26.Bh4 Qc7 27.Rfe1 Qf4 28.Bg3 Nxg3+ 29.fxg3 Qd6
30.Bc4 Kg7 31.Rf1 h5 32.Qb3 h4 33.gxh4 Ng4 34.g3 Qc6+  0-1

[Event "Turkish Bank Chess League 2012"]
[Site "Konya TUR"]
[Date "2012.07.18"]
[Round "9"]
[White "Can,E"]
[Black "Salepci,O"]
[Result "1-0"]
[WhiteElo "2469"]
[BlackElo "2115"]

1.d4 Nf6 2.c4 c5 3.d5 e6 4.Nc3 exd5 5.cxd5 d6 6.Nf3 g6 7.e4 a6 8.a4 Bg4 9.Be2 Bxf3
10.Bxf3 Nbd7 11.O-O Bg7 12.Bf4 Qe7 13.Re1 O-O 14.a5 Rab8 15.Qc2 Rfe8 16.h3 b5
17.axb6 Rxb6 18.Ra2 Reb8 19.Be2 Nh5 20.Bxh5 gxh5 21.Nd1 Qh4 22.Qd2 Qf6 23.Ra3 Ne5
24.Bg5 Qg6 25.Rg3 Rb3 26.Ree3 Rxe3 27.Qxe3 h4 28.Bxh4 Qh5 29.Be7 Qxd1+ 30.Kh2 Ng6
31.Bxd6 Bd4 32.Qf4 Rxb2 33.Qf5 h5 34.Rf3 Nh8 35.Qc8+ Kh7 36.Qf5+ Kg8 37.Qxh5 Bxf2
38.Qg5+ Ng6 39.Qd8+ Kg7 40.Qf6+ Kh6 41.Bf8+  1-0

[Event "23rd Czech Open Rapid"]
[Site "Pardubice CZE"]
[Date "2012.07.18"]
[Round "1.3"]
[White "Miljakin,V"]
[Black "Kononenko,Dmitry1"]
[Result "1/2-1/2"]
[WhiteElo "2222"]
[BlackElo "2608"]

1.d4 Nf6 2.c4 c5 3.d5 e6 4.Nc3 exd5 5.cxd5 d6 6.Nf3 g6 7.g3 Bg7 8.Bg2 O-O
9.O-O a6 10.a4 Nbd7 11.Bf4 Qe7 12.Qd2 Rb8 13.Bh6 Bxh6 14.Qxh6 Ng4 15.Qg5 Qxg5
16.Nxg5 Rd8 17.h3 Nge5 18.b3 Nf8 19.f4 Ned7 20.e4 Re8 21.Rfe1 b5 22.axb5 axb5
23.Bf1 b4 24.Nb5 Rb6 25.Ra8 h6 26.Nc7 Rd8 27.Nge6 fxe6 28.dxe6 Nxe6 29.Nxe6 Re8
30.Nc7 Rf8 31.Nd5 Rb8 32.Ra7 Bb7 33.Bc4 Kh8 34.Ne7 Rf6 35.Bd5 Bxd5 36.exd5 Nf8
37.Nc6 Rc8 38.Ree7 g5 39.Rf7 Rxf7 40.Rxf7 gxf4 41.gxf4 Re8 42.Kf2 Kg8 43.Rf6 c4
44.Nxb4 Rb8 45.bxc4 Rxb4 46.Rxd6 Rxc4 47.Rxh6 Rxf4+ 48.Kg3 Rd4 49.Rh5 Nd7
50.Kf3 Nf6 51.Rf5 Nxd5 52.Re5 Kf7 53.Re4 Rd3+ 54.Kg2 Kg6 55.Re8 Nf4+ 56.Kf2 Nxh3+
57.Ke2 Nf4+ 58.Kf2 Rd2+ 59.Kf3 Nd5 60.Ra8 Kf5 61.Rf8+ Nf6 62.Ke3 Rd6 63.Kf3 Rd3+
64.Ke2 Ra3 65.Kd2 Ke5 66.Kc2 Nd5 67.Rh8 Rc3+ 68.Kd2 Rg3 69.Kc2 Kd4 70.Rh4+ Ke3
71.Rh8 Rg2+ 72.Kb3 Kd4 73.Rh4+ Kc5 74.Rh8 Nf6 75.Rc8+ Kd4 76.Rh8 Nd5 77.Rh7 Rg3+
78.Kb2 Nb6 79.Rh4+ Kc5 80.Rh8 Nc4+ 81.Kc2 Nd6 82.Rh5+ Kd4 83.Rh8 Ne4 84.Rd8+ Kc4
85.Kd1 Rg2 86.Ke1 Rh2 87.Kf1 Nd2+ 88.Ke1 Nf3+ 89.Kf1 Nd4 90.Kg1 Ra2 91.Kf1 Kd3
92.Kg1 Rd2 93.Ra8 Ke4 94.Ra3 Kf4 95.Ra8 Ne2+ 96.Kg2 Ng3+ 97.Kh3 Rd3 98.Kg2 Ne4
99.Rf8+ Kg4 100.Rg8+  1/2-1/2

[Event "23rd Czech Open A"]
[Site "Pardubice CZE"]
[Date "2012.07.21"]
[Round "2.81"]
[White "Simantsev,M"]
[Black "Tennert,Simon"]
[Result "0-1"]
[WhiteElo "2531"]
[BlackElo "2075"]

1.d4 Nf6 2.c4 c5 3.d5 e6 4.Nc3 exd5 5.cxd5 d6 6.Nf3 g6 7.Bf4 Bg7 8.h3 a6
9.a4 O-O 10.e3 Qe7 11.Be2 Nbd7 12.O-O Rb8 13.Nd2 Ne8 14.Re1 Ne5 15.Qc2 Nc7
16.Bh2 f5 17.a5 b5 18.axb6 Rxb6 19.f4 Nf7 20.Nc4 Rb4 21.Bd3 Qh4 22.Rad1 Bd7
23.Rb1 Rfb8 24.e4 fxe4 25.Nxe4 Nxd5 26.Bg3 Bd4+ 27.Kh2 Qd8 28.Ncxd6 Nxd6
29.Nxd6 Ba4 30.Qe2 Qxd6 31.f5 Nf4 32.fxg6 hxg6 33.Qg4 Bg7 34.Be4 Rf8 35.b3 Bd7
36.Qg5 Rd4 37.Rbc1 Qe5 38.Qxe5 Bxe5 39.Rxc5 Bd6 40.Rc4 Rd2 41.Rcc1 Bf5 42.Rcd1 Rxd1
43.Rxd1 Bc7 44.Bxf5 Rxf5 45.Rc1 Rf7 46.Rc6 a5 47.Rc4 Bd6 48.Rc6 Bb4 49.Rc4 Nd5
50.Rc6 Rf6 51.Rc8+ Kf7 52.Be5 Rf2 53.h4 Re2 54.Bd4 Nf4 55.Kg3 Nxg2 56.Bc5 Ne3
57.Bxb4 Nf5+ 58.Kf4 axb4 59.Rb8 Rh2  0-1

[Event "ch-AUT 2012"]
[Site "Zwettl AUT"]
[Date "2012.07.22"]
[Round "2.5"]
[White "Menezes,Chr"]
[Black "Kilgus,G"]
[Result "1/2-1/2"]
[WhiteElo "2273"]
[BlackElo "2410"]

1.d4 Nf6 2.c4 e6 3.Nf3 c5 4.d5 d6 5.Nc3 exd5 6.cxd5 g6 7.Bf4 a6 8.a4 Bg7
9.h3 O-O 10.e3 Ne8 11.Be2 Nd7 12.O-O Rb8 13.Ra3 Qe7 14.Nd2 Ne5 15.Rb3 Qc7
16.Bg3 c4 17.Ra3 b5 18.axb5 axb5 19.b4 f5 20.Qa1 Bd7 21.Qa2 Nf7 22.Ra1 Qd8
23.Qc2 Nc7 24.e4 Qf6 25.exf5 gxf5 26.f4 Qd4+ 27.Kh2 Nxd5 28.Nf3 Nxb4 29.Nxd4 Nxc2
30.Nxc2 b4 31.Nxb4 Rxb4 32.Nd5 Bxa1 33.Nxb4 Bb2 34.Ra7 Be6 35.Re7 Nd8 36.Bf2 Bf6
37.Rc7 d5 38.Bf3 Rf7 39.Rxf7 Kxf7 40.Nxd5 Bb2 41.Nc7 c3 42.Bd4 Ba1 43.Nxe6 Nxe6
44.Bxc3 Bxc3 45.Bd5  1/2-1/2

[Event "5th Paleochora Open"]
[Site "Paleochora GRE"]
[Date "2012.07.23"]
[Round "9.10"]
[White "Hamitevici,V"]
[Black "Filip,L"]
[Result "1/2-1/2"]
[WhiteElo "2429"]
[BlackElo "2481"]

1.d4 Nf6 2.c4 e6 3.Nf3 c5 4.d5 d6 5.Nc3 exd5 6.cxd5 g6 7.Bf4 a6 8.a4 Bg7
9.h3 O-O 10.e3 Qe7 11.Nd2 Nbd7 12.Be2 Ne5 13.O-O Ne8 14.Bh2 f5 15.Re1 Bd7
16.Qb3 Bc8 17.a5 Nf6 18.Bf1 Nfd7 19.f4 c4 20.Nxc4 Nc5 21.Qc2 Nxc4 22.Bxc4 Bd7
23.Bd3 Rac8 24.e4 Bd4+ 25.Kh1 fxe4 26.Nxe4 Nxe4 27.Rxe4 Qxe4 28.Bxe4 Rxc2
29.Bxc2 Rc8 30.Bd3 Bxb2 31.Rb1 Rc1+ 32.Rxc1 Bxc1 33.g4 Kf7 34.f5 gxf5 35.gxf5 Kf6
36.Bxd6 Bxf5 37.Be7+ Ke5 38.d6 Ba3 39.Bf8 Bd7 40.Bxh7 Bb4 41.h4 Bxa5 42.h5 Bd2
43.h6 Bxh6 44.Bxh6  1/2-1/2

[Event "ch-AUT 2012"]
[Site "Zwettl AUT"]
[Date "2012.07.24"]
[Round "4.10"]
[White "Menezes,Chr"]
[Black "Kummer,Hel"]
[Result "1/2-1/2"]
[WhiteElo "2273"]
[BlackElo "2362"]

1.d4 Nf6 2.c4 c5 3.d5 e6 4.Nc3 exd5 5.cxd5 d6 6.Nf3 g6 7.Bf4 a6 8.a4 Bg7
9.h3 O-O 10.e3 Qe7 11.Be2 Nbd7 12.O-O Ne8 13.Nd2 Ne5 14.Re1 f5 15.Nc4 Nxc4
16.Bxc4 Nf6 17.Qc2 Bd7 18.a5 Nh5 19.Bh2 Rae8 20.Be2 Nf6 21.Rab1 Ne4 22.Nxe4 fxe4
23.b4 Rc8 24.b5 axb5 25.Bxb5 Rc7 26.Bxd7 Rxd7 27.Bg3 Be5 28.Bxe5 Qxe5 29.Qc4 Rf5
30.Red1 Rdf7 31.Rd2 Rg5 32.Rdb2 Rf3 33.Kh1 Rf7 34.Kg1 Rf3 35.Kh1 Rf7 36.Kg1 Rf3
37.Kh1 Rf7  1/2-1/2

[Event "PAB Romania Open 2012"]
[Site "Arad ROU"]
[Date "2012.07.27"]
[Round "1.15"]
[White "Doncea,V"]
[Black "Laszlo,Zoltan-Imre"]
[Result "1-0"]
[WhiteElo "2415"]
[BlackElo "1872"]

1.d4 Nf6 2.c4 c5 3.d5 e6 4.Nc3 exd5 5.cxd5 d6 6.Nf3 g6 7.Bf4 Bg7 8.Qa4+ Bd7
9.Qb3 Qc7 10.e3 O-O 11.h3 a6 12.a4 b6 13.Nd2 g5 14.Bxg5 Bf5 15.Nc4 Nbd7 16.Bf4 Ne8
17.Be2 Rb8 18.O-O f6 19.e4 Bg6 20.Ne3 Rd8 21.Bg4 Ne5 22.Be6+ Bf7 23.Nf5 Kh8
24.Ne2 Ng6 25.Bd2 Ne5 26.f4 c4 27.Qg3 Nd3 28.Bc3 Rg8 29.Qh4 Bxe6 30.dxe6  1-0

[Event "23rd Czech Open A"]
[Site "Pardubice CZE"]
[Date "2012.07.27"]
[Round "8.34"]
[White "Gonda,L"]
[Black "Tate,A"]
[Result "1-0"]
[WhiteElo "2547"]
[BlackElo "2346"]

1.d4 Nf6 2.Nf3 e6 3.c4 c5 4.d5 d6 5.Nc3 exd5 6.cxd5 g6 7.Nd2 Bg7 8.e4 O-O
9.Be2 Na6 10.O-O Nc7 11.a4 Re8 12.f3 Nd7 13.Kh1 f5 14.exf5 gxf5 15.Nc4 Ne5
16.Bf4 Nxc4 17.Bxc4 a6 18.Qd2 Qf6 19.Qf2 Qg6 20.a5 Bd7 21.Rac1 Re7 22.b3 Rae8
23.Na4 Nb5 24.Nb6 Nd4 25.Rfe1 Bh6 26.Bxh6 Qxh6 27.Nxd7 Nc2 28.Nf6+  1-0

[Event "24th ch-Southern California 2012"]
[Site "Monterey Park USA"]
[Date "2012.07.28"]
[Round "5"]
[White "Yanayt,E"]
[Black "Clawitter,C"]
[Result "0-1"]
[WhiteElo "2270"]
[BlackElo "2118"]

1.d4 Nf6 2.c4 c5 3.d5 e6 4.Nc3 exd5 5.cxd5 d6 6.Nf3 g6 7.Nd2 Nbd7 8.e4 Bg7
9.Be2 O-O 10.O-O a6 11.a4 Rb8 12.a5 b5 13.axb6 Nxb6 14.Nb3 Re8 15.Qc2 Nh5
16.g4 Qh4 17.gxh5 Bh3 18.Be3 Nc4 19.Kh1 Be5 20.Bxc4 Bg2+ 21.Kxg2 Qxh2+ 22.Kf3 Qxh5+
23.Kg2 Qg4+ 24.Kh1 Qh3+ 25.Kg1 Qh2+  0-1

[Event "TCh-CRC Premier 2012"]
[Site "San Jose CRC"]
[Date "2012.07.28"]
[Round "8.3"]
[White "Zamora Mejias,Alonso"]
[Black "Charpentier,W"]
[Result "0-1"]
[WhiteElo "1928"]
[BlackElo "2216"]

1.d4 Nf6 2.c4 c5 3.d5 e6 4.Nc3 exd5 5.cxd5 d6 6.Nf3 g6 7.Bf4 a6 8.a4 Bg7
9.Nd2 Nh5 10.Bg3 Nxg3 11.hxg3 O-O 12.Nc4 Re8 13.Qd2 b6 14.e3 Bf5 15.Be2 Qc7
16.g4 Bc8 17.Bf3 Nd7 18.Ne4 Rxe4 19.Bxe4 Nf6 20.Bf3 Bxg4 21.Bxg4 Nxg4 22.Rh4 h5
23.f3 Nf6 24.Qd3 Re8 25.Nd2 Qe7 26.Rh1 Qe5 27.Nc4 Qg3+ 28.Kf1 b5 29.axb5 axb5
30.Nd2 c4 31.Qe2 Nxd5 32.Ne4 Qe5 33.Rd1 f5 34.Qd2 Nxe3+ 35.Qxe3 fxe4 36.Qxe4 Qxe4
37.fxe4 Bxb2 38.Rxd6 Kg7 39.Rd7+ Kf6 40.Rd6+ Re6 41.Rxe6+ Kxe6 42.Ke2 b4
43.Kd2  0-1

[Event "PAB Romania Open 2012"]
[Site "Arad ROU"]
[Date "2012.07.29"]
[Round "3.11"]
[White "Mladenovic,St"]
[Black "Suba,M"]
[Result "1/2-1/2"]
[WhiteElo "2236"]
[BlackElo "2428"]

1.d4 Nf6 2.c4 e6 3.Nf3 c5 4.d5 d6 5.Nc3 exd5 6.cxd5 g6 7.h3 a6 8.a4 Qe7 9.Bf4 Nbd7
10.Nd2 Ne5 11.e3 Bg7 12.Be2 O-O 13.O-O Rb8 14.Nc4 Nxc4 15.Bxc4 Nd7 16.Bh2 Ne5
17.Be2 f5 18.Qd2 Bd7 19.a5 Qh4 20.f4 Nf7 21.Na4 Bxa4 22.Rxa4 Rfe8 23.Kh1 b5
24.axb6 Rxb6 25.b4 cxb4 26.Rxb4 Rxb4 27.Qxb4 Rxe3 28.Bxa6 Bc3 29.Qc4 Qf6
30.Bg1 Re4 31.Qc8+ Kg7 32.Rb1 Rb4 33.Rxb4 Bxb4 34.Qc4 Bc5 35.Bxc5 dxc5 36.Bc8 Qd4
37.Qxd4+ cxd4 38.Kg1 Nd6 39.Ba6 Ne4 40.Bd3 Nc5 41.Bb1 Kf6 42.g4 fxg4 43.hxg4 h6
44.d6 g5 45.fxg5+ hxg5 46.Bf5 Nb7 47.d7 Ke7 48.Kf2 Nd6 49.Kf3 Kd8 50.Be6 Ke7
51.Bf5 Kd8 52.Be6 Nb7 53.Bf5 Nc5 54.Ke2 Ke7 55.Kd2  1/2-1/2

[Event "16th HZ Open"]
[Site "Vlissingen NED"]
[Date "2012.08.07"]
[Round "5"]
[White "Hopman,P"]
[Black "Rosmuller,A"]
[Result "1-0"]
[WhiteElo "2310"]
[BlackElo "2091"]

1.d4 Nf6 2.c4 c5 3.d5 e6 4.Nc3 exd5 5.cxd5 d6 6.Nf3 g6 7.Nd2 Nbd7 8.e4 Bg7
9.Be2 O-O 10.O-O Re8 11.f4 a6 12.a4 Qc7 13.Kh1 c4 14.e5 dxe5 15.Nxc4 e4 16.Be3 b6
17.Rc1 Bb7 18.d6 Qd8 19.Qb3 Nd5 20.Nxd5 Bxd5 21.Rfd1 b5 22.axb5 axb5 23.Rxd5 bxc4
24.Bxc4 Qf6 25.Bd4 Qxf4 26.Rf1 Reb8 27.Qxb8+ Nxb8 28.Rxf4  1-0

[Event "2nd Split Open 2012"]
[Site "Split CRO"]
[Date "2012.08.12"]
[Round "2.20"]
[White "Trajber,D"]
[Black "Srbis,J"]
[Result "0-1"]
[WhiteElo "2100"]
[BlackElo "2298"]

1.d4 Nf6 2.c4 e6 3.Nc3 c5 4.d5 exd5 5.cxd5 d6 6.Nf3 g6 7.h3 a6 8.a4 Qe7 9.Bf4 Bg7
10.e3 O-O 11.Be2 Nbd7 12.O-O h6 13.Nd2 Ne8 14.e4 Ne5 15.Bh2 g5 16.f4 gxf4
17.Bxf4 Bd7 18.Nc4 Ng6 19.Be3 Nf6 20.Qc2 Rae8 21.Bf3 Nh7 22.Rae1 Ng5 23.Bxg5 hxg5
24.Nb6 Ne5 25.Nxd7 Qxd7 26.g4 Ng6 27.Ne2 Be5 28.Bg2 Nh4 29.Qd2 f6 30.b3 b5
31.a5 Qc7 32.Rc1 Qa7 33.Kh1 Rf7 34.Qe3 b4 35.Rc2 Qc7 36.Ng3 Bxg3 37.Qxg3 Re5
38.Ra1 Qe7 39.Rc4 Rf8 40.Qd3 Re8 41.Re1 Qb7 42.Rcc1 Ng6 43.Bf1 Nf4 44.Qxa6 Qxa6
45.Bxa6 Ra8 46.Bc4 Rxa5 47.Re3 Re7 48.Rc2 Rea7 49.h4 Ra1+ 50.Kh2 Ng6 51.h5 Nf4
52.Kg3 Rg1+ 53.Kf3 Kg7 54.Rd2 Raa1 55.Rh2 Kh6 56.Bb5 Rh1 57.Rxh1 Rxh1 58.Kf2 Ra1
59.Bc4 Ra2+ 60.Kf3 Nh3 61.Kg3 Nf4 62.Kf3 Ra1 63.Kf2 Rc1 64.Kf3 Rg1 65.Bb5 Kg7
66.Bc4 Rc1 67.Kf2 Rc2+ 68.Kf3 Nh3 69.Kg3 Rc3 70.Kf3 Nf4 71.Bb5 Rc1 72.Kf2 Ra1
73.Bc4 Kh6 74.Bb5 Ra2+ 75.Kf3 Ng2 76.Re2 Nh4+ 77.Ke3 Ra1 78.Rf2 Kg7 79.h6+ Kf7
80.Bc6 Ng6 81.h7 Kg7 82.Be8 Ne5 83.Bh5 Ra8 84.h8=Q+ Rxh8 85.Ra2 Rd8 86.Ra7+ Rd7
87.Ra6 Kf8 88.Ra8+ Kg7 89.Ra6 Rb7 90.Kd2 c4 91.bxc4 b3 92.Kc1 b2+ 93.Kb1 Nxc4  0-1

[Event "Miguel Najdorf Open A"]
[Site "Warsaw POL"]
[Date "2012.08.12"]
[Round "7.18"]
[White "Przezdziecka,M"]
[Black "Zmarzly,A"]
[Result "1-0"]
[WhiteElo "2276"]
[BlackElo "2045"]

1.d4 Nf6 2.Nf3 e6 3.c4 c5 4.d5 exd5 5.cxd5 d6 6.Nc3 g6 7.Bf4 a6 8.a4 Bg7
9.h3 O-O 10.e3 Re8 11.Be2 Qc7 12.O-O Nbd7 13.Nd2 Ne5 14.Bg3 g5 15.Bxe5 dxe5
16.e4 Bd7 17.a5 Rad8 18.Nc4 Bb5 19.Ne3 c4 20.b3 cxb3 21.Bxb5 axb5 22.Qxb3 Qc5
23.Rfc1 b4 24.Ne2 Qb5 25.Ng3 Rc8 26.Rcb1 Bf8 27.Nef5 Rc4 28.Qf3 Qa6 29.Ne3 Rc3
30.Rd1 Bc5 31.d6 Kg7 32.d7 Rd8 33.Qf5 Bxe3 34.fxe3 h6 35.Qxe5 Qe6 36.Qd4 Rc4
37.Qb2 Kh7 38.e5 Nd5 39.Qb1+ Kg8 40.Qd3 Nc3 41.Nh5 Nxd1 42.Nf6+ Kf8 43.Rxd1 Rc5
44.Qh7 Qxe5 45.Qh8+ Ke7 46.Ng8+ Kf8 47.Nf6+ Ke7 48.Qe8+ Kxf6 49.Qxd8+ Kg7
50.Qe8  1-0

[Event "28th Geraardsbergen Open"]
[Site "Geraardsbergen BEL"]
[Date "2012.08.13"]
[Round "6.11"]
[White "Delanoeije,P"]
[Black "Van der Stricht,G"]
[Result "0-1"]
[WhiteElo "2020"]
[BlackElo "2403"]

1.d4 Nf6 2.c4 e6 3.Nf3 c5 4.d5 exd5 5.cxd5 d6 6.Nc3 g6 7.g3 Bg7 8.Bg2 O-O
9.O-O a6 10.a4 Re8 11.h3 Nbd7 12.Nd2 Rb8 13.a5 b5 14.axb6 Nxb6 15.Re1 Nfd7
16.e4 Ne5 17.Nf3 Nbc4 18.Nxe5 Bxe5 19.Qc2 Qb6 20.Qa4 Bxh3 21.Qxc4 Bc8 22.Bf4 Bxf4
23.gxf4 Qd8 24.Qe2 Qh4 25.Qd2 Rb4 26.Ra4 Bh3 27.Bxh3 Qxh3 28.Re3 Qg4+ 29.Rg3 Qc8
30.e5 dxe5 31.d6 Rd4 32.Rxd4 exd4 33.Nd5 Qd8 34.d7 Re6 35.f5 Rd6 36.Nf4 Qxd7
37.Nd3 c4 38.Qh6 Qxf5 39.Rh3 Qf6 40.Ne1 Rd5 41.Nf3 d3 42.Qe3 Rd8 43.Nd2 Qd4
44.Nxc4 Qxc4 45.Qe5 Qg4+  0-1

[Event "Miguel Najdorf Open A"]
[Site "Warsaw POL"]
[Date "2012.08.13"]
[Round "8.15"]
[White "Jarmula,L"]
[Black "Przezdziecka,M"]
[Result "1-0"]
[WhiteElo "2149"]
[BlackElo "2276"]

1.Nf3 Nf6 2.c4 c5 3.d4 e6 4.d5 exd5 5.cxd5 d6 6.Nc3 a6 7.a4 Qe7 8.g3 g6 9.Bg2 Bg7
10.O-O O-O 11.Nd2 Nbd7 12.Nc4 Ne8 13.Bf4 Ne5 14.Bxe5 Bxe5 15.Nxe5 Qxe5 16.e4 Bd7
17.f4 Qg7 18.Re1 f6 19.Qb3 Rb8 20.Qb6 Qe7 21.b4 cxb4 22.Qxb4 Qd8 23.Ne2 a5
24.Qd2 Nc7 25.Qxa5 Na6 26.Qxd8 Rfxd8 27.Nd4 Nc5 28.Nb5 Be8 29.e5 fxe5 30.fxe5 Bxb5
31.axb5 Nd3 32.Re3 Nxe5 33.Bh3 Ra8 34.Rea3 Rxa3 35.Rxa3 Rb8 36.Rc3 b6 37.Rc6 g5
38.Be6+ Kf8 39.Rc7 Ra8 40.Rxh7 Ra2 41.h4 g4 42.h5 Rd2 43.Kf1 Rh2 44.h6 Ke8
45.Bf5 Kf8 46.Rh8+ Ke7 47.h7 Nf7 48.Rg8 Kf6 49.Bg6 Nh8 50.Bd3 Nf7 51.Rxg4 Rh6
52.Rg8 Ke5 53.Bg6 Kd4 54.Bxf7 Rxh7 55.Be6 Kc5 56.g4 Kxb5 57.g5 Rh5 58.g6 Rg5
59.g7  1-0

[Event "2nd Metropolitan International"]
[Site "Los Angeles USA"]
[Date "2012.08.14"]
[Round "1"]
[White "Xia,Yusheng"]
[Black "Amanov,Z"]
[Result "1/2-1/2"]
[WhiteElo "2086"]
[BlackElo "2380"]

1.d4 Nf6 2.c4 e6 3.Nf3 c5 4.d5 exd5 5.cxd5 d6 6.Nc3 g6 7.e4 a6 8.a4 Bg4 9.Be2 Bxf3
10.Bxf3 Bg7 11.O-O O-O 12.Bf4 Qe7 13.Re1 Nbd7 14.h3 Ne8 15.g3 Nc7 16.Qe2 Rab8
17.Bg2 Rfe8 18.Qf1 b6 19.Kh1 Qf8 20.Bd2 f5 21.exf5 gxf5 22.Rxe8 Rxe8 23.Re1 Rxe1
24.Qxe1 b5 25.axb5 axb5 26.Qe2 c4 27.Bg5 Ne5 28.Be3 b4 29.Nd1 b3 30.Bb6 Nb5
31.f4 Nd3 32.Qe6+ Kh8 33.Qd7 Nd4 34.Bc7 Nxb2 35.Bxd6 Qg8 36.Nxb2 c3 37.Nd3 b2
38.Qb7 Ne2 39.Nxb2 cxb2 40.Ba3 Nxg3+ 41.Kh2 Bd4 42.Bxb2 Nf1+ 43.Kh1 Ng3+
44.Kh2  1/2-1/2

[Event "2nd Split Open 2012"]
[Site "Split CRO"]
[Date "2012.08.15"]
[Round "5.1"]
[White "Jovanic,O"]
[Black "Plenca,J"]
[Result "1/2-1/2"]
[WhiteElo "2508"]
[BlackElo "2329"]

1.d4 Nf6 2.c4 e6 3.Nf3 c5 4.d5 exd5 5.cxd5 d6 6.Nc3 g6 7.h3 Bg7 8.e4 O-O
9.Bd3 b5 10.Bxb5 Nxe4 11.Nxe4 Qa5+ 12.Nfd2 Qxb5 13.Nxd6 Qa6 14.N2c4 Nd7 15.O-O Ne5
16.Nxc8 Raxc8 17.Nxe5 Bxe5 18.Re1 Qd6 19.Bh6 Rfd8 20.Qe2 Bd4 21.Rad1 Qxd5
22.b3  1/2-1/2

[Event "2nd Metropolitan International"]
[Site "Los Angeles USA"]
[Date "2012.08.16"]
[Round "5"]
[White "Jayakumar,A"]
[Black "Amanov,Z"]
[Result "1/2-1/2"]
[WhiteElo "2292"]
[BlackElo "2380"]

1.d4 Nf6 2.c4 e6 3.Nf3 c5 4.d5 exd5 5.cxd5 d6 6.Nc3 g6 7.g3 Bg7 8.Bg2 O-O
9.O-O Nbd7 10.h3 a6 11.a4 Rb8 12.a5 b5 13.axb6 Nxb6 14.e4 Ne8 15.Qc2 Nc7
16.Re1 Re8 17.Kh2 Nc4 18.Na4 Ne5 19.Nxe5 Bxe5 20.f4 Bg7 21.Be3 f5 22.e5 dxe5
23.fxe5 Bxe5 24.Bxc5 Qf6 25.Rad1 Bd7 26.d6 Ne6 27.Nb6 Rxb6 28.Bxb6 f4 29.Qc4 Qg5
30.Qb3 Rb8 31.Bd5 Rxb6 32.Bxe6+ Kg7 33.Qxb6 Qxg3+ 34.Kh1 Qf3+ 35.Kg1 Qg3+
36.Kh1 Qf3+ 37.Kg1 Qg3+  1/2-1/2